| 000 | 02108nam a2200541 i 4500 | ||
|---|---|---|---|
| 001 | 15210 | ||
| 003 | KOSZ 005 | ||
| 005 | 20200623104937.0 | ||
| 008 | 200404s1973 pl a f 000 0 pol | ||
| 015 | _aUWD 1973/2762 | ||
| 035 | _a991032873089705066 | ||
| 035 | _a(PL-WaBN)b18813434-48omnis_nlop | ||
| 035 | _ab18813434 | ||
| 035 | _a(OCoLC)838976284 | ||
| 035 | _a(PL)b0000001881343 | ||
| 035 | _a(EXLNZ-48OMNIS_NETWORK)9910487979605606 | ||
| 040 |
_aWA N _cWA N _dKOSZ 005/RW |
||
| 041 | 0 |
_apol _beng _brus |
|
| 046 | _k1973 | ||
| 080 | _a622.23 | ||
| 080 | _a622.6 | ||
| 245 | 0 | 0 |
_aMaszyny urabiające i ładujące / _c[redakcja naukowa Henryk Kędzior]. |
| 260 |
_aWrocław : _bWydawnictwo Politechniki Wrocławskiej, _c1973. |
||
| 300 |
_a113 stron : _bilustracje ; _c24 cm. |
||
| 336 |
_aTekst _btxt _2rdacontent |
||
| 337 |
_aBez urządzenia pośredniczącego _bn _2rdamedia |
||
| 338 |
_aWolumin _bnc _2rdacarrier |
||
| 380 | _aKsiążki | ||
| 380 | _aPublikacje naukowe | ||
| 388 | _a1901-2000 | ||
| 388 | _a1945-1989 | ||
| 490 | 1 |
_aPrace Naukowe Instytutu Konstrukcji i Eksploatacji Maszyn Politechniki Wrocławskiej. Studia i Materiały, _x0324-9638 ; _v16 |
|
| 500 | _aNumeracja serii głównej: nr 19. | ||
| 504 | _aBibliografia przy pracach. | ||
| 546 | _aStreszczenie w języku rosyjskim i angielskim. | ||
| 650 | 7 |
_aMaszyny i narzędzia górnicze _2DBN |
|
| 650 | 7 | _aUrabianie skał (górnictwo) | |
| 650 | 7 | _aŁadowarki (maszyny) | |
| 655 | 7 | _aPraca zbiorowa | |
| 658 | _aInżynieria i technika | ||
| 700 | 1 |
_aKędzior, Henryk _eRedakcja |
|
| 710 | 2 |
_aOficyna Wydawnicza Politechniki Wrocławskiej _4pbl |
|
| 830 | 0 |
_aPrace Naukowe Instytutu Konstrukcji i Eksploatacji Maszyn Politechniki Wrocławskiej _v19 |
|
| 830 | 0 |
_aPrace Naukowe Instytutu Konstrukcji i Eksploatacji Maszyn Politechniki Wrocławskiej. _pStudia i Materiały _v16 |
|
| 856 |
_uhttp://koha.tu.koszalin.pl/cgi-bin/koha/opac-detail.pl?biblionumber=15210 _yKatalog online BPK |
||
| 942 |
_2UKD _cKS |
||
| 999 |
_c15210 _d15210 |
||